00351nam a2200133Ia 4500008004100000020001500041041001200056082001600068100002000084245006400104260002500168300000800193650001600201221030s9999 xx 000 0 und d a0074635794 aEnglish a105.23bDha aD. M. Dhamdhere 0aSystems Programming & Operating systemscby D. M. Dhamdhere bTMHaNew Delhic2000 a658 aBE Computer